Extreme Roman Numerals Quiz- 1 to 500 - Statistics

General Stats
  • This quiz has been taken 39 times
  • The average score is 302 of 500
Answer Stats
Hint Answer % Correct
1 I
100%
2 II
100%
3 III
100%
4 IV
100%
5 V
100%
6 VI
100%
7 VII
100%
8 VIII
100%
10 X
100%
11 XI
100%
12 XII
100%
13 XIII
100%
14 XIV
100%
15 XV
100%
16 XVI
100%
17 XVII
100%
18 XVIII
100%
20 XX
96%
9 IX
92%
19 XIX
92%
21 XXI
92%
22 XXII
92%
23 XXIII
92%
29 XXIX
92%
25 XXV
92%
26 XXVI
92%
27 XXVII
92%
28 XXVIII
92%
30 XXX
92%
50 L
88%
55 LV
88%
56 LVI
88%
57 LVII
88%
58 LVIII
88%
24 XXIV
88%
31 XXXI
88%
32 XXXII
88%
33 XXXIII
88%
100 C
84%
51 LI
84%
52 LII
84%
53 LIII
84%
54 LIV
84%
59 LIX
84%
60 LX
84%
61 LXI
84%
65 LXV
84%
66 LXVI
84%
34 XXXIV
84%
39 XXXIX
84%
35 XXXV
84%
36 XXXVI
84%
37 XXXVII
84%
38 XXXVIII
84%
200 CC
80%
110 CX
80%
120 CXX
80%
130 CXXX
80%
62 LXII
80%
63 LXIII
80%
64 LXIV
80%
69 LXIX
80%
67 LXVII
80%
68 LXVIII
80%
70 LXX
80%
40 XL
80%
41 XLI
80%
42 XLII
80%
43 XLIII
80%
71 LXXI
76%
80 LXXX
76%
90 XC
76%
44 XLIV
76%
49 XLIX
76%
45 XLV
76%
46 XLVI
76%
47 XLVII
76%
48 XLVIII
76%
300 CCC
72%
310 CCCX
72%
320 CCCXX
72%
210 CCX
72%
101 CI
72%
102 CII
72%
103 CIII
72%
104 CIV
72%
109 CIX
72%
150 CL
72%
160 CLX
72%
105 CV
72%
106 CVI
72%
107 CVII
72%
108 CVIII
72%
111 CXI
72%
112 CXII
72%
113 CXIII
72%
114 CXIV
72%
119 CXIX
72%
140 CXL
72%
115 CXV
72%
116 CXVI
72%
117 CXVII
72%
118 CXVIII
72%
121 CXXI
72%
122 CXXII
72%
123 CXXIII
72%
72 LXXII
72%
73 LXXIII
72%
74 LXXIV
72%
79 LXXIX
72%
75 LXXV
72%
76 LXXVI
72%
77 LXXVII
72%
78 LXXVIII
72%
81 LXXXI
72%
82 LXXXII
72%
83 LXXXIII
72%
84 LXXXIV
72%
89 LXXXIX
72%
85 LXXXV
72%
86 LXXXVI
72%
87 LXXXVII
72%
88 LXXXVIII
72%
301 CCCI
68%
340 CCCXL
68%
330 CCCXXX
68%
220 CCXX
68%
230 CCXXX
68%
151 CLI
68%
170 CLXX
68%
180 CLXXX
68%
141 CXLI
68%
124 CXXIV
68%
129 CXXIX
68%
125 CXXV
68%
126 CXXVI
68%
127 CXXVII
68%
128 CXXVIII
68%
131 CXXXI
68%
132 CXXXII
68%
133 CXXXIII
68%
134 CXXXIV
68%
139 CXXXIX
68%
135 CXXXV
68%
136 CXXXVI
68%
137 CXXXVII
68%
138 CXXXVIII
68%
91 XCI
68%
92 XCII
68%
93 XCIII
68%
94 XCIV
68%
99 XCIX
68%
95 XCV
68%
96 XCVI
68%
97 XCVII
68%
98 XCVIII
68%
350 CCCL
64%
360 CCCLX
64%
370 CCCLXX
64%
380 CCCLXXX
64%
305 CCCV
64%
201 CCI
64%
250 CCL
64%
260 CCLX
64%
270 CCLXX
64%
205 CCV
64%
240 CCXL
64%
152 CLII
64%
153 CLIII
64%
154 CLIV
64%
159 CLIX
64%
155 CLV
64%
156 CLVI
64%
157 CLVII
64%
158 CLVIII
64%
181 CLXXXI
64%
182 CLXXXII
64%
183 CLXXXIII
64%
184 CLXXXIV
64%
189 CLXXXIX
64%
185 CLXXXV
64%
186 CLXXXVI
64%
187 CLXXXVII
64%
188 CLXXXVIII
64%
190 CXC
64%
142 CXLII
64%
143 CXLIII
64%
144 CXLIV
64%
149 CXLIX
64%
145 CXLV
64%
146 CXLVI
64%
147 CXLVII
64%
148 CXLVIII
64%
500 D
64%
302 CCCII
60%
303 CCCIII
60%
304 CCCIV
60%
309 CCCIX
60%
351 CCCLI
60%
306 CCCVI
60%
307 CCCVII
60%
308 CCCVIII
60%
311 CCCXI
60%
312 CCCXII
60%
313 CCCXIII
60%
314 CCCXIV
60%
319 CCCXIX
60%
341 CCCXLI
60%
315 CCCXV
60%
316 CCCXVI
60%
317 CCCXVII
60%
318 CCCXVIII
60%
321 CCCXXI
60%
322 CCCXXII
60%
323 CCCXXIII
60%
324 CCCXXIV
60%
329 CCCXXIX
60%
325 CCCXXV
60%
326 CCCXXVI
60%
327 CCCXXVII
60%
328 CCCXXVIII
60%
331 CCCXXXI
60%
332 CCCXXXII
60%
333 CCCXXXIII
60%
334 CCCXXXIV
60%
339 CCCXXXIX
60%
335 CCCXXXV
60%
336 CCCXXXVI
60%
337 CCCXXXVII
60%
338 CCCXXXVIII
60%
202 CCII
60%
203 CCIII
60%
204 CCIV
60%
209 CCIX
60%
280 CCLXXX
60%
206 CCVI
60%
207 CCVII
60%
208 CCVIII
60%
211 CCXI
60%
212 CCXII
60%
213 CCXIII
60%
214 CCXIV
60%
219 CCXIX
60%
241 CCXLI
60%
215 CCXV
60%
216 CCXVI
60%
217 CCXVII
60%
218 CCXVIII
60%
221 CCXXI
60%
222 CCXXII
60%
223 CCXXIII
60%
224 CCXXIV
60%
229 CCXXIX
60%
225 CCXXV
60%
226 CCXXVI
60%
227 CCXXVII
60%
228 CCXXVIII
60%
231 CCXXXI
60%
232 CCXXXII
60%
233 CCXXXIII
60%
234 CCXXXIV
60%
239 CCXXXIX
60%
235 CCXXXV
60%
236 CCXXXVI
60%
237 CCXXXVII
60%
238 CCXXXVIII
60%
400 CD
60%
410 CDX
60%
161 CLXI
60%
162 CLXII
60%
163 CLXIII
60%
164 CLXIV
60%
165 CLXV
60%
166 CLXVI
60%
167 CLXVII
60%
168 CLXVIII
60%
171 CLXXI
60%
172 CLXXII
60%
173 CLXXIII
60%
174 CLXXIV
60%
179 CLXXIX
60%
175 CLXXV
60%
176 CLXXVI
60%
177 CLXXVII
60%
178 CLXXVIII
60%
191 CXCI
60%
192 CXCII
60%
193 CXCIII
60%
194 CXCIV
60%
199 CXCIX
60%
195 CXCV
60%
196 CXCVI
60%
197 CXCVII
60%
198 CXCVIII
60%
352 CCCLII
56%
353 CCCLIII
56%
354 CCCLIV
56%
359 CCCLIX
56%
355 CCCLV
56%
356 CCCLVI
56%
357 CCCLVII
56%
358 CCCLVIII
56%
361 CCCLXI
56%
362 CCCLXII
56%
363 CCCLXIII
56%
364 CCCLXIV
56%
369 CCCLXIX
56%
365 CCCLXV
56%
366 CCCLXVI
56%
367 CCCLXVII
56%
368 CCCLXVIII
56%
371 CCCLXXI
56%
381 CCCLXXXI
56%
385 CCCLXXXV
56%
342 CCCXLII
56%
343 CCCXLIII
56%
344 CCCXLIV
56%
349 CCCXLIX
56%
345 CCCXLV
56%
346 CCCXLVI
56%
347 CCCXLVII
56%
348 CCCXLVIII
56%
251 CCLI
56%
252 CCLII
56%
253 CCLIII
56%
254 CCLIV
56%
259 CCLIX
56%
255 CCLV
56%
256 CCLVI
56%
257 CCLVII
56%
258 CCLVIII
56%
261 CCLXI
56%
262 CCLXII
56%
263 CCLXIII
56%
264 CCLXIV
56%
269 CCLXIX
56%
265 CCLXV
56%
266 CCLXVI
56%
267 CCLXVII
56%
268 CCLXVIII
56%
271 CCLXXI
56%
242 CCXLII
56%
243 CCXLIII
56%
244 CCXLIV
56%
249 CCXLIX
56%
245 CCXLV
56%
246 CCXLVI
56%
247 CCXLVII
56%
248 CCXLVIII
56%
401 CDI
56%
420 CDXX
56%
169 CLXIX
56%
372 CCCLXXII
52%
373 CCCLXXIII
52%
374 CCCLXXIV
52%
375 CCCLXXV
52%
376 CCCLXXVI
52%
377 CCCLXXVII
52%
378 CCCLXXVIII
52%
382 CCCLXXXII
52%
383 CCCLXXXIII
52%
384 CCCLXXXIV
52%
386 CCCLXXXVI
52%
272 CCLXXII
52%
273 CCLXXIII
52%
274 CCLXXIV
52%
275 CCLXXV
52%
276 CCLXXVI
52%
277 CCLXXVII
52%
278 CCLXXVIII
52%
281 CCLXXXI
52%
285 CCLXXXV
52%
402 CDII
52%
403 CDIII
52%
404 CDIV
52%
409 CDIX
52%
405 CDV
52%
406 CDVI
52%
407 CDVII
52%
408 CDVIII
52%
411 CDXI
52%
412 CDXII
52%
413 CDXIII
52%
414 CDXIV
52%
430 CDXXX
52%
379 CCCLXXIX
48%
389 CCCLXXXIX
48%
387 CCCLXXXVII
48%
388 CCCLXXXVIII
48%
390 CCCXC
48%
279 CCLXXIX
48%
282 CCLXXXII
48%
283 CCLXXXIII
48%
284 CCLXXXIV
48%
286 CCLXXXVI
48%
450 CDL
48%
419 CDXIX
48%
440 CDXL
48%
415 CDXV
48%
416 CDXVI
48%
417 CDXVII
48%
418 CDXVIII
48%
391 CCCXCI
44%
392 CCCXCII
44%
393 CCCXCIII
44%
394 CCCXCIV
44%
395 CCCXCV
44%
396 CCCXCVI
44%
397 CCCXCVII
44%
398 CCCXCVIII
44%
289 CCLXXXIX
44%
287 CCLXXXVII
44%
288 CCLXXXVIII
44%
290 CCXC
44%
460 CDLX
44%
399 CCCXCIX
40%
291 CCXCI
40%
292 CCXCII
40%
293 CCXCIII
40%
294 CCXCIV
40%
299 CCXCIX
40%
295 CCXCV
40%
296 CCXCVI
40%
297 CCXCVII
40%
298 CCXCVIII
40%
451 CDLI
40%
452 CDLII
40%
453 CDLIII
40%
454 CDLIV
40%
459 CDLIX
40%
455 CDLV
40%
456 CDLVI
40%
457 CDLVII
40%
458 CDLVIII
40%
461 CDLXI
40%
462 CDLXII
40%
463 CDLXIII
40%
441 CDXLI
40%
442 CDXLII
40%
443 CDXLIII
40%
444 CDXLIV
40%
449 CDXLIX
40%
445 CDXLV
40%
446 CDXLVI
40%
447 CDXLVII
40%
448 CDXLVIII
40%
421 CDXXI
40%
422 CDXXII
40%
423 CDXXIII
40%
424 CDXXIV
40%
429 CDXXIX
40%
425 CDXXV
40%
426 CDXXVI
40%
427 CDXXVII
40%
428 CDXXVIII
40%
431 CDXXXI
40%
432 CDXXXII
40%
433 CDXXXIII
40%
434 CDXXXIV
40%
439 CDXXXIX
40%
435 CDXXXV
40%
436 CDXXXVI
40%
437 CDXXXVII
40%
438 CDXXXVIII
40%
464 CDLXIV
36%
469 CDLXIX
36%
465 CDLXV
36%
466 CDLXVI
36%
467 CDLXVII
36%
468 CDLXVIII
36%
470 CDLXX
36%
471 CDLXXI
36%
472 CDLXXII
36%
473 CDLXXIII
36%
474 CDLXXIV
36%
479 CDLXXIX
36%
475 CDLXXV
36%
476 CDLXXVI
36%
477 CDLXXVII
36%
478 CDLXXVIII
36%
480 CDLXXX
36%
481 CDLXXXI
32%
482 CDLXXXII
32%
483 CDLXXXIII
32%
484 CDLXXXIV
32%
489 CDLXXXIX
32%
485 CDLXXXV
32%
486 CDLXXXVI
32%
487 CDLXXXVII
32%
488 CDLXXXVIII
32%
490 CDXC
28%
491 CDXCI
28%
492 CDXCII
28%
493 CDXCIII
28%
494 CDXCIV
28%
499 CDXCIX
28%
495 CDXCV
28%
496 CDXCVI
28%
497 CDXCVII
28%
498 CDXCVIII
28%
No matching quizzes found
Score Distribution
Percent of People with Each Score
Percentile by Number Answered
Your Score History
You have not taken this quiz